[Event "Alushta Autumn 1st"]
[Site "Alushta"]
[Date "2002.09.20"]
[Round "8"]
[White "Yevseev, Denis"]
[Black "Potapov, Alexander"]
[Result "1/2-1/2"]
[WhiteElo "2546"]
[BlackElo "2515"]
[Annotator "Finkel,A"]
[PlyCount "105"]
[EventDate "2002.09.15"]
[EventType "tourn"]
[EventRounds "15"]
[EventCountry "UKR"]
[EventCategory "9"]
[SourceTitle "CBM 092"]
[Source "ChessBase"]
[SourceDate "2003.02.06"]
[SourceVersion "1"]
[SourceVersionDate "2003.02.06"]
[SourceQuality "1"]

1. d4 f5 2. Nc3 d5 3. Bf4 Nf6 4. e3 Be6 (4... a6 5. Nf3 (5. Bd3 c5 6. dxc5 e6
7. Na4 Bxc5 8. Nxc5 Qa5+ 9. c3 Qxc5 10. Be5 Nbd7 11. Qa4 b5 12. Qd4 Nxe5 13.
Qxe5 $14 {Polgar,Z-Sanz Alonso,F/Salamanca 1989}) 5... e6 6. h3 (6. Be2 Be7 7.
O-O O-O 8. Ne5 c5 9. dxc5 Bxc5 10. Na4 Bd6 11. Qd4 b5 12. Nb6 Bxe5 13. Bxe5 Nc6
14. Bxf6 Rxf6 15. Qc5 Rb8 $11 {Yermolinsky,A-Lautier,J/Tilburg 1993}) 6... c5
7. g4 (7. a3 Nc6 8. Be2 b5 9. Ne5 Bb7 10. g4 Nxe5 11. Bxe5 c4 12. gxf5 exf5 13.
Bf3 Be7 14. Rg1 Rg8 $15 {Plachetka,J-Conquest,S/Ostrava 1994}) 7... Nc6 8. gxf5
exf5 9. Rg1 g6 10. Bg5 Be6 11. dxc5 Bxc5 12. Ne2 Qe7 13. c3 O-O-O 14. Ned4 Nxd4
15. Nxd4 $13 {Zilberman,Y-Kosashvili,Y/Rishon Le Ziyyon 1994}) (4... g6 5. h4
Be6 6. Nf3 Bg7 7. Ne5 Nfd7 8. h5 Nxe5 9. Bxe5 Bxe5 10. dxe5 g5 11. h6 Rg8 12.
g4 Nc6 13. gxf5 Bxf5 14. Bd3 $16 {Ye Rongguang-Gamboa,N/Manila 1992}) 5. Nf3 c6
6. Bd3 g6 7. h4 {Agressive approach to the position. Another possibility was} (
7. h3 Bg7 8. O-O O-O 9. Bh2 Bf7 10. Ne5 Nbd7 11. Ne2 $14 {with comfortable
advantage.}) 7... h5 8. Ne5 Rg8 9. Ne2 Nbd7 10. f3 ({Nothing promised} 10. c3
Nxe5 11. Bxe5 Nd7 12. Bg3 Bf7 13. Nf4 e5 $11) 10... Nxe5 11. dxe5 Nd7 12. Nd4
Nc5 13. g4 (13. b4 Nxd3+ 14. Qxd3 Qd7 15. O-O Bg7 16. a4 $14 {[%csl Re6]})
13... fxg4 14. Nxe6 Nxe6 15. fxg4 Qb6 (15... Qa5+ 16. c3 Qb6) 16. Qf3 Qxb2 $6 {
Dubious decision which could cost black the game because after this move
white's initiative is very difficult to neutralize.} (16... Nxf4 17. Qxf4 O-O-O
$15) 17. O-O O-O-O 18. Bg3 Nc5 19. Rab1 Qc3 20. e6 {[%csl Rc8][%cal Gf3f4]
Suddenly black's king is in danger.} Bh6 $6 ({It was necessary to play} 20...
Nxd3 21. cxd3 Qxd3 22. Qf4 Rd6 23. Qf7 Qxe3+ 24. Kg2 $1 Qe4+ (24... Qxe6 25.
Bxd6 Qxf7 26. Rxf7 exd6 27. Rbxb7 $16) 25. Kh2 Qxe6 26. Bxd6 Qxd6+ 27. Kg2 Rh8
28. Qe8+ Qd8 29. Qxd8+ Kxd8 30. Rxb7 $14) 21. g5 Rgf8 22. Bf4 Bg7 (22... Nxd3
$6 23. cxd3 Bg7 24. Rfc1 Qa5 25. Rxc6+ $1 $18) 23. Bxg6 Ne4 24. Bxe4 dxe4 25.
Qxe4 $16 Rd2 26. Bg3 (26. Rfd1 Rfd8 (26... Rxc2 $6 27. Rd7 Rc1+ 28. Kg2 Rxb1
29. Qxb1 $18) 27. Rxd2 Rxd2 (27... Qxd2 $2 28. Qxc6+ bxc6 29. Rb8#) 28. Qg6
Qxc2 29. Qxc2 Rxc2 30. Rd1 $16 {[%csl Rb7,Re7][%cal Gd1d7]}) (26. Bh2 $5) 26...
Rdd8 27. Rf7 Bd4 $5 {[%csl Rg3]} 28. Bf4 $5 {Another promising possibility was}
(28. Rxf8 $1 Qxe3+ (28... Bxe3+ $6 29. Bf2 $18) 29. Qxe3 Bxe3+ 30. Kg2 Rxf8 31.
Rd1 $16 {[%cal Gg6g7,Gg5g7] with a huge advantage in the endgame.}) 28... Bb6
29. Qe5 Qxe5 30. Bxe5 Bxe3+ 31. Kh1 Bc5 32. g6 (32. Rbf1 $5) 32... Rg8 33. g7
Bd4 34. Bxd4 $2 {After this careless move black is back into the game.} (34.
Re1 $1 $18) 34... Rxd4 {[%csl Rh4]} 35. Rf8+ Rd8 36. Rxd8+ Kxd8 $8 37. Rxb7 (
37. Rg1 $2 Kc7 38. Rg6 Kd6 39. Kg2 Ke5 40. Kf3 Kf5 $15) 37... Rxg7 38. Rd7+ Kc8
39. Rxa7 Rg4 40. Rxe7 Rxh4+ 41. Kg2 Rc4 42. Ra7 Kd8 $1 43. Kf3 h4 44. a4 h3 45.
e7+ Ke8 46. Kg3 Rc3+ 47. Kh2 c5 48. a5 c4 49. a6 Rxc2+ 50. Kxh3 Ra2 51. Kg4 c3
52. Kf5 Kf7 53. Rc7 1/2-1/2

[Event "Reykjavik Olafsson"]
[Site "Reykjavik"]
[Date "1995.??.??"]
[Round "7"]
[White "Gretarsson, Helgi Ass"]
[Black "Smyslov, Vassily V"]
[Result "1-0"]
[WhiteElo "2440"]
[BlackElo "2565"]
[Annotator "Ftacnik,L"]
[PlyCount "47"]
[EventDate "1995.09.??"]
[EventType "tourn"]
[EventRounds "11"]
[EventCountry "ISL"]
[EventCategory "11"]
[SourceTitle "CBM 049"]
[Source "ChessBase"]
[SourceDate "1995.12.01"]
[SourceVersion "1"]
[SourceVersionDate "1995.12.01"]
[SourceQuality "1"]

1. d4 e6 2. Nf3 f5 3. e4 fxe4 4. Ng5 Nf6 5. f3 h6 (5... c5 $1 6. fxe4 cxd4 7.
Bd3 Nc6 (7... Bd6 8. O-O Be5 9. Nd2 Nc6 10. Nc4 O-O 11. c3 d6 12. Kh1 dxc3 13.
bxc3 h6 14. Nf3 Bxc3 15. Rb1 d5 16. exd5 exd5 17. Ba3 dxc4 18. Bxc4+ Kh8 19.
Bxf8 Qxf8 20. Qd3 Bb4 21. Nh4 Qd6 22. Ng6+ Kh7 23. Ne5+ Qxd3 24. Bxd3+ Kg8 25.
Nxc6 {1-0 Bellon Lopez,JM-Vaiser,A/Helsinki Opybank 1991 (61)}) 8. O-O d6 (8...
Bd6 9. c3 O-O 10. cxd4 Nxd4 11. Be3 Be5 12. Nc3 h6 13. Nh3 d6 14. Kh1 Bd7 15.
Nf4 Bxf4 16. Rxf4 e5 17. Bc4+ Kh7 18. Rf1 Ng4 19. Rxf8 Qxf8 20. Bxd4 exd4 21.
Qxd4 Qf4 22. g3 Qf3+ 23. Kg1 Ne3 24. Bf1 Rf8 25. Qd3 Qf2+ 26. Kh1 Nxf1 27. e5+
Kh8 {0-1 Eriksson,J-Hansen,St/Gausdal International (3) 1990}) 9. c3 $1 h6 10.
Nf3 Be7 11. cxd4 O-O 12. Nc3 e5 13. Bc4+ Kh7 14. Kh1 Bg4 15. Be3 $14 {Benjamin,
Joel-Machulsky,A/New York op/1990/}) (5... exf3 6. Qxf3 Nc6 7. c3 Be7 8. Bd3
O-O 9. Qh3 h6 10. Bg6 e5 11. O-O exd4 12. cxd4 Nxd4 13. Nc3 d5 14. Qd3 hxg5 15.
Qxd4 g4 16. Bg5 c6 17. Qf2 Nd7 18. Bf7+ Rxf7 19. Qxf7+ Kh7 20. Bxe7 Qb6+ 21.
Kh1 {1-0 Netusil,M-Vavruska,A/CZE-chT 1993}) (5... e3 6. Bd3 Be7 7. f4 O-O 8.
O-O c5 9. Bxe3 Qc7 10. dxc5 Bxc5 11. Bxc5 Qxc5+ 12. Kh1 Nc6 13. Nd2 h6 14. Nge4
Qe7 15. Nxf6+ Qxf6 16. c3 d5 17. Qb3 b6 18. Rae1 Bb7 19. Bb1 g6 20. Qc2 Kg7 21.
Nf3 Ba6 22. Rf2 Bb7 23. Rfe2 Bc8 24. Re3 Bd7 25. Ne5 Nxe5 26. Rxe5 Rac8 27. b3
Rf7 28. Qd3 Qxf4 29. Qxg6+ Kf8 30. h3 {1-0 Niemela,A-Rajcsanyi,Z/Helsinki op 
(08) 1992 (52)}) 6. Nh3 d5 (6... exf3 7. Qxf3) 7. fxe4 dxe4 (7... Nxe4 8. Qh5+
Kd7 9. Bd3 $13) 8. Be2 Bd6 (8... Qd5 $5 9. Nf4 Qa5+ 10. c3 Bd6 $13) 9. Bh5+ Ke7
10. O-O Nc6 (10... e5 $5 11. Nf2 exd4 12. Nxe4 Nxe4 13. Qe2 (13. Rf7+ Ke6 14.
Qg4+ Kd5 15. c4+ dxc3 16. Qd1+ Kc5 $17) 13... Bxh2+ 14. Kxh2 Qd6+ 15. Rf4 Bf5
16. Bf3 g5 17. Bxe4 Qe5 18. Bxf5 Qxe2 19. Re4+ Qxe4 20. Bxe4 $14) 11. Nc3 Nxd4
(11... e5 $5 12. Nd5+ Kf8 $13) 12. Nxe4 $1 Nf5 (12... Nxe4 13. Rf7+ Ke8 14. Qg4
Ng5 15. Nxg5 Bxh2+ 16. Kxh2 hxg5 17. Bxg5 $18) 13. Qe2 (13. Nhf2 Nxh5 14. Qxh5
Qe8) 13... Nxe4 $2 (13... Nd4 14. Qf2 (14. Qd1 Nf5) 14... Rf8 (14... Bxh2+ 15.
Kxh2 Nxe4 16. Qf7+ Kd6 17. Qf4+ Kd5 18. Be3 $18) 15. Nxd6 Qxd6 16. Be3 $44) 14.
Qxe4 Bc5+ 15. Kh1 Qd5 (15... Qd4 16. Qe2 Rf8 17. Nf4 $14) 16. Qe1 Bd6 (16...
Rd8 $6 17. Nf4 Qd4 18. g4 g5 19. c3 Qf6 20. Ng6+ $16) 17. Nf4 Bxf4 18. Bxf4 Rf8
(18... c5 19. Rd1 Qc6 (19... Qc4 20. Bd6+ $1 Nxd6 21. Qe5 $18) 20. Be5 (20.
Bxh6 Rxh6 21. Rxf5 Rf6 22. Rxf6 gxf6 23. Qg3 $18) 20... Bd7 21. Bxg7 $18) 19.
Bxc7 a5 (19... Qc4 20. Ba5) 20. Qc3 Ra6 (20... Qd4 21. Qxd4 Nxd4 22. Bd6+ Kxd6
23. Rxf8 $18) 21. Qa3+ Nd6 22. Rfd1 Qe5 (22... Qxh5 23. Bxd6+ $18) 23. Rxd6 $1
Rxd6 24. Rd1 (24. Rd1 Rfd8 25. Bxd8+ Kxd8 26. Qxd6+ $18) 1-0

[Event "Hoogovens"]
[Site "Wijk aan Zee"]
[Date "1997.01.18"]
[Round "1"]
[White "Sokolov, Ivan"]
[Black "Illescas Cordoba, Miguel"]
[Result "1-0"]
[WhiteElo "2615"]
[BlackElo "2635"]
[Annotator "Ftacnik,L"]
[PlyCount "83"]
[EventDate "1997.01.18"]
[EventType "tourn"]
[EventRounds "13"]
[EventCountry "NED"]
[EventCategory "16"]
[SourceTitle "CBM 057"]
[Source "ChessBase"]
[SourceDate "1997.04.01"]
[SourceVersion "1"]
[SourceVersionDate "1997.04.01"]
[SourceQuality "1"]

1. d4 {Hecht} f5 2. Nc3 Nf6 3. Bg5 d5 4. f3 $5 {/\ e2-e4} Nc6 (4... c6 5. e4) (
4... e6 5. e4 Be7 6. exf5 (6. e5 Nfd7 7. Bxe7 Qxe7 8. Nb5 Nb6 9. a4 a6 10. a5
axb5 11. axb6 Rxa1 12. Qxa1 Qh4+ 13. g3 Qxd4 {0-1 Potterat,M-Liardet,F/Geneve
op 1993/EXT 93op (22)}) 6... exf5 7. Bd3 c6 8. Qd2 O-O 9. O-O-O {1-0 Kempinski,
R-Mumme,M/Hamburg Wichern-op 1995/EXT 95op (21)}) (4... c5 5. e4 Nc6 6. Bb5 a6
7. Bxc6+ bxc6 8. Bxf6 gxf6 9. exd5 cxd5 10. dxc5 e6 11. Qd4 Qc7 12. Na4 Kf7 13.
b4 {0-1 Antonsen,M-Malaniuk,V/Lyngby op 1991/EXT 91op (43)}) 5. Qd2 $1 (5. e4
$6 fxe4 6. fxe4 Nxe4 $1 (6... dxe4 7. d5 $44 (7. d5 Ne5 8. Qd4 Nf7 9. Bxf6 exf6
10. Qxe4+ Qe7 11. O-O-O Qxe4 12. Nxe4 Bd7 13. Nf3 O-O-O 14. Nd4 f5 15. Nc3 Bb4
16. Nce2 Ng5 17. Nf4 Rhe8 18. Bd3 g6 19. c4 Bc5 20. Bc2 c6 21. Kb1 cxd5 22.
cxd5 Bxd4 23. Rxd4 Nf7 24. h4 Kc7 25. d6+ Nxd6 26. Nd5+ Kb8 27. Nf6 Re6 28.
Nxh7 Bc6 29. Ng5 Re2 30. Rhd1 Kc7 31. Bb3 Be4+ {Oliwa,M-Grabarczyk,B/POL-ch
1996/CBM 53/1-0 (43)})) 7. Nxe4 dxe4 8. d5 Nb4 $1 (8... Ne5 9. Qd4 Nf7 10. Bh4
$44) 9. Bc4 c6 10. dxc6 Qxd1+ 11. Rxd1 bxc6 $13) 5... g6 (5... e6 6. O-O-O (6.
e4 $5) 6... Be7 7. e4 dxe4 8. fxe4 fxe4 (8... Nxe4 9. Nxe4 fxe4 10. h4 $44 (10.
Bxe7 Qxe7 11. Re1 (11. Ne2 Bd7 12. Ng3 O-O-O 13. Nxe4 Be8 14. c3 Bg6 15. Qe3 e5
16. d5 Qh4 17. g4 Kb8 18. Be2 Ne7 19. c4 h5 20. Nc3 hxg4 21. Nb5 Qh6 22. Qxh6
Rxh6 23. Bxg4 Nf5 24. Rde1 e4 25. Bxf5 Bxf5 26. Nd4 g6 27. Rhf1 Rh5 28. Rf4 c6
29. Ne6 Rg8 30. h4 Kc8 31. Kd2 Kd7 32. Nc5+ Kc7 33. dxc6 Kxc6 34. Nxe4 Rd8+ 35.
Kc3 Rdh8 {Nilssen,J-Roberts,P/EUchJ Vejen 1993/EXT 93ch/1/2-1/2 (55)}) 11...
O-O 12. Bc4 Qh4 13. Ne2 Bd7 14. Ng3 Rf4 15. Qe3 Na5 16. Be2 Raf8 17. h3 b6 18.
Bg4 Qh6 19. b3 Nb7 20. Nh5 R4f7 21. Qxh6 gxh6 22. Rxe4 c5 23. Bf3 Nd6 24. Rg4+
Kh8 25. dxc5 bxc5 26. Rd1 Nf5 27. Rf4 Nd4 28. Rxf7 Rxf7 29. Be4 Be8 30. c3 Ne2+
31. Kb2 Nf4 32. Rd8 Nxh5 33. Rxe8+ Kg7 34. Rxe6 Rf2+ {Dao Thien Hai-Danner,G/
Budapest Elekes 1993/EXT 93/1-0 (50)})) 9. Bb5 $1 Bd7 10. Bxf6 Bxf6 11. Nxe4
$14) (5... h6 6. Bxf6 exf6 7. e4 dxe4 8. fxe4 fxe4 9. d5 Ne5 10. Nxe4 f5 11.
Nf2 Be7 12. Nf3 Nxf3+ 13. gxf3 Qd6 14. f4 Bd7 15. Bg2 g5 16. Nd3 gxf4 17. h4
O-O-O 18. O-O-O Rhg8 19. Qf2 Qa6 20. a3 Rg3 21. Nxf4 Rdg8 22. Rd3 R3g4 23. Bf1
Bb5 24. Be2 Qb6 25. Qxb6 axb6 26. Bxg4 Bxd3 27. Bf3 Be4 28. Bxe4 fxe4 29. Ne6
e3 30. h5 {Crane,H-Zavanelli,M/CCLA-ch 1986/EXT 86ch2/1/2-1/2 (47)}) 6. O-O-O
Bg7 7. Bh6 (7. h4 Be6 8. e4 fxe4 9. fxe4 Bg4 10. Be2 Bxe2 11. Ngxe2 Nxe4 12.
Nxe4 dxe4 13. d5 Ne5 14. Qb4 Qd6 15. Qxe4 O-O-O 16. Nc3 Qa6 17. Rd4 b5 18. Bxe7
Rd7 19. Bc5 Nc4 20. d6 Qb7 21. Qxb7+ Kxb7 22. Rd3 cxd6 23. Bd4 Bxd4 24. Rxd4
Kc6 25. h5 gxh5 26. Rxh5 a6 27. a4 Rb8 28. axb5+ axb5 29. Nxb5 Ne5 30. Na3 Rg8
31. Nc4 Rxg2 32. Rxe5 Rg1+ 33. Kd2 Rg2+ {1-0 Briansky-Podat,V/UKR-ch sf 1986/
EXT 86ch}) 7... O-O 8. Nh3 a6 9. Bxg7 Kxg7 10. Nf4 Qd6 11. e3 (11. h4 $2 Nxd4
$1 12. Nfxd5 (12. h5 e5) (12. Qxd4 e5) 12... Nxd5 13. Qxd4+ Nf6 $11) 11... Be6
12. h4 Bf7 13. h5 g5 14. h6+ Kh8 15. Nh3 g4 (15... Rg8 $2 16. e4) 16. Ng5 Bg6
17. Ne2 $1 e5 $1 18. dxe5 Qxe5 19. Nf4 Rae8 20. Bd3 $1 Qxe3 21. Qxe3 Rxe3 22.
Nfe6 Re8 (22... Rc8 23. Kd2 d4 (23... Re5 24. f4) 24. Nxd4 $16) 23. fxg4 $6 (
23. Ng7 $1 R8e5 (23... R8e7 24. Bxf5) 24. f4 Re7 25. Bxf5 Re2 26. Bxg6 hxg6 27.
f5 $16) 23... Nxg4 24. Nxc7 R8e5 $6 (24... Rc8 $1 25. Nxd5 Rg3 $44 {Illescas}
26. Rh3 Rxg2 27. Nf4 Rf2 28. Nxg6+ hxg6 29. Nf7+ Kh7 30. Ng5+ Kh8 $11) 25. Nf3
$1 Nf2 26. Nxe5 Rxe5 27. Rhe1 Nxd1 28. Kxd1 Rxe1+ $6 (28... f4 $8 29. Bxg6 hxg6
30. Rxe5 Nxe5 31. Nxd5 g5) 29. Kxe1 {[#] Hecht schlechte schwarze
Leichtfiguren und Bauernschwächen. Zwecks Materialausgleich läßt sich der
schwarze Läufer am Damenflügel einsperren und geht dort verloren.} Ne7 30. Kf2
Ng8 (30... d4 31. Kg3 Ng8 (31... Kg8 32. Ne6) 32. Kf4 Nxh6 33. Ne6 $18) 31.
Nxd5 Nxh6 32. Kg3 Bf7 33. Ne3 Bxa2 (33... Kg7 34. Kf4 Kf6 35. Nxf5) 34. b3 Ng4
35. Nd5 Ne5 36. Bxf5 Nc6 37. Nc3 Nb4 38. Kf4 Kg7 39. Ke3 h6 40. Kd2 Kf6 41. Bc8
b5 42. Kc1 1-0

[Event "Interzonal-16"]
[Site "Biel"]
[Date "1993.??.??"]
[Round "7"]
[White "Nalbandian, Tigran"]
[Black "Topalov, Veselin"]
[Result "1-0"]
[WhiteElo "2485"]
[BlackElo "2650"]
[Annotator "Ftacnik,L"]
[PlyCount "43"]
[EventDate "1993.07.16"]
[EventType "swiss"]
[EventRounds "13"]
[EventCountry "SUI"]
[SourceTitle "CBM 037"]
[Source "ChessBase"]
[SourceDate "1993.12.01"]
[SourceVersion "1"]
[SourceVersionDate "1993.12.01"]
[SourceQuality "1"]

1. d4 f5 2. Bg5 g6 (2... c5 $5) 3. e4 fxe4 4. Nc3 Bg7 5. Nxe4 d5 6. Nc5 b6 7.
Nb3 (7. Nd3 $6) 7... Nh6 $1 (7... Nf6 8. Nf3 O-O 9. Be2 Qd6 10. O-O Nbd7 11.
Qc1 Ng4 12. h3 Rxf3 13. hxg4 Rf7 14. Qe3 Bb7 $5 {/\ Rae8 Kuzminyh,E}) 8. h4 $1
{/\ Nh3 ><e7, f4, e5, d5} Nf7 (8... Bg4 $2 9. f3 $1) 9. Nh3 $1 Qd6 (9... O-O
10. Qd2 {/\ Nd3, 0-0-0|^}) 10. Qd2 e5 11. O-O-O {><d5, e5} Nxg5 (11... O-O 12.
dxe5 Qxe5 13. Qd4 $1 $14) 12. hxg5 $1 e4 (12... O-O $2 13. dxe5) (12... exd4
13. Re1+ Kf8 14. Nxd4 c5 15. Qe3 $1 $40) (12... Bb7 13. dxe5 Bxe5 14. f4 Bg7
15. Re1+ Kf8 16. f5 $1 $40) (12... c6 13. dxe5 Bxe5 14. f4 Bg7 15. Bd3 {/\ f5->
}) 13. Qf4 $1 $14 {עe8} Bf8 $1 $8 (13... Rf8 14. Qh4 $1 $16) (13... Qxf4+ 14.
Nxf4 c6 15. c4 $36 {@}) (13... Bxh3 14. Qxd6 cxd6 15. Rxh3 O-O (15... Nd7 16.
Bb5 Rc8 17. Rdh1) 16. Be2 $1 Nc6 (16... Nd7 17. Bg4 $16) (16... Rxf2 17. Bg4
Kf7 18. Bc8 $1 $16) 17. f3 $5 $14 {/\ Rdh1 ><h7, d5}) 14. g3 (14. f3 $5 Bxh3 $5
15. Qxd6 Bxd6 16. Rxh3 Bf4+ 17. Kb1 e3 18. g3 Bxg5 19. f4 Bf6 20. Re1 $14)
14... c6 $6 (14... Bxh3 15. Bxh3 (15. Qxd6 Bxd6 16. Bxh3 Ke7 $1 $14 (16... Be7
$6 17. Bc8 $1 $16)) 15... Nd7 (15... Qxf4+ 16. gxf4 Bd6 17. f5 $1 $40) 16. f3
Qxf4+ $5 $14 (16... O-O-O $6 17. fxe4 Qxf4+ 18. gxf4 dxe4 19. f5 Bd6 20. Rdf1
$1 gxf5 21. Bxf5 $16)) (14... Be7 $1 $8 15. Kb1 $5 $14) 15. f3 $1 $16 Bxh3 (
15... Qxf4+ 16. Nxf4 exf3 17. Nxg6 Rg8 18. Re1+ Kf7 19. Nxf8 Kxf8 20. Rxh7 {/\}
Rxg5 $2 21. Rh8+ Rg8 22. Rxg8+ Kxg8 23. Re8+ $18) 16. Bxh3 $1 $8 {|^} (16. Qxd6
Bxd6 17. Rxh3 $14 (17. Bxh3 exf3 (17... Bxg3 18. fxe4 {/\ Bg2+/=}) 18. Rde1+ (
18. Bc8 a5) 18... Kd8 19. Re6 (19. Re3 Rf8 20. Rf1 f2 $13) 19... Kc7 20. Rf6
Nd7 21. Rf7 Rad8 $13)) 16... Qxf4+ 17. gxf4 Bd6 (17... exf3 18. f5 gxf5 (18...
Bd6 19. fxg6 Bf4+ 20. Kb1 Bxg5 21. Be6 Kf8 22. Rxh7 Rxh7 23. gxh7 Bf6 (23...
Kg7 24. Rg1 $18) 24. Rf1 Ke7 25. Rxf3 $18) 19. Bxf5 Bd6 20. g6 $16) 18. f5 $40
Bf4+ (18... gxf5 19. Bxf5 Bf4+ $8 20. Kb1 {- 18...Bf4}) 19. Kb1 gxf5 (19...
exf3 20. fxg6 O-O (20... hxg6 21. Bd7+ $18) 21. gxh7+ Kg7 (21... Kxh7 22. Bc8+
$18) 22. g6 Kxg6 23. Bc8 $18 (23. Bg4)) (19... O-O 20. fxe4 dxe4 21. fxg6 hxg6
22. Bg2 Re8 23. Rde1 e3 24. d5 $18) 20. Bxf5 e3 (20... O-O 21. fxe4 dxe4 22.
Bxh7+ Kg7 23. Bxe4 {/\} Bxg5 24. d5 $18) (20... Bxg5 21. fxe4 dxe4 22. Bxh7 {
/\ 23.Bg6, 23.Be4+-}) 21. Rdg1 $18 Kf8 $2 22. g6 1-0

[Event "Belgrade GMA op"]
[Site "Belgrade"]
[Date "1988.??.??"]
[Round "?"]
[White "Miles, Anthony John"]
[Black "Legky, Nikolay A"]
[Result "1-0"]
[WhiteElo "2500"]
[BlackElo "2380"]
[Annotator "Ftacnik,L"]
[PlyCount "105"]
[EventDate "1988.12.??"]
[EventType "swiss"]
[EventRounds "9"]
[EventCountry "YUG"]
[SourceTitle "TD"]
[Source "ChessBase"]
[SourceDate "1994.03.01"]
[SourceVersion "1"]
[SourceVersionDate "1994.03.01"]
[SourceQuality "1"]

1. d4 f5 2. Bg5 c6 3. c4 h6 4. Bd2 Nf6 5. Nc3 g6 6. g3 (6. Nf3 d6 7. Nh4 Kf7)
6... Bg7 (6... d6 $5 {/\ e5}) 7. Bg2 d6 8. e4 $1 $14 fxe4 (8... e5 9. dxe5 dxe5
10. Nf3 $1 $16) 9. Nxe4 Bf5 10. Nxf6+ Bxf6 11. Ne2 $16 Nd7 (11... Bd3 12. Rc1
Bxe2 13. Qxe2 Bxd4 14. Qe4 $16) 12. O-O g5 13. Bc3 Nb6 $2 14. d5 $1 Bxc3 (14...
cxd5 15. Bxf6 exf6 16. Nd4 $18) (14... c5 15. Bxf6 exf6 16. Nf4 $1) 15. Nxc3
Qd7 (15... c5 16. Qh5+ $16) 16. Qd4 O-O 17. dxc6 bxc6 18. c5 Nc8 (18... dxc5
19. Qxc5 $18) 19. Qa4 $1 Rb8 (19... d5 20. Nxd5 $1 cxd5 21. Qxd7 Bxd7 22. Bxd5+
$18) 20. Bxc6 Qc7 21. cxd6 Qxd6 (21... Nxd6 22. Nd5) 22. Rad1 Qb4 23. Qxb4 Rxb4
24. Rd2 Rb6 25. Bg2 Rd6 26. Rfd1 Rfd8 27. Rxd6 Rxd6 28. Rxd6 Nxd6 29. b4 e6 30.
a4 Kf7 31. Bc6 Bd3 32. f3 Ke7 33. Kf2 Nc4 34. Bb5 Nb2 (34... Ne5 35. f4) 35.
Ke3 Bxb5 36. Nxb5 Nxa4 37. Nxa7 Kd6 38. Ke4 Nb6 39. Nb5+ Kc6 40. Nc3 Nc4 (40...
Kd6 41. f4 gxf4 42. Kxf4 $18) 41. f4 $1 g4 (41... Nd2+ 42. Ke5 Nf3+ 43. Kxe6
$18) 42. Kd4 Nd2 43. Ke5 Kd7 44. Kf6 Nf3 45. Kg6 Nxh2 46. Kxh6 Nf1 47. Ne4 Ne3
(47... Kc6 48. Kg5 Kd5 49. b5 $1 $18) 48. Kg5 Nc2 49. b5 Nd4 50. Nc3 Kd6 51.
Kxg4 Kc5 52. Kg5 Kc4 53. b6 (53. b6 Kxc3 54. b7 Nc6 55. Kf6 Kc4 56. g4 Kc5 57.
g5 Kb6 58. g6 Kxb7 59. g7 $18) 1-0